00315nam a22001097a 4500020001800000040000900018082001600027100001500043245005100058260004000109650005600149 a9781119515494 cNUST a629.231 PAN aPang, Jian aNoise and Vibration Control of Automotive Body aHoboken:bJohn Wiley & Sons,c2019. aAutomobiles-Noise.Automobiles- Vibration.NUSTTB2022